01111cam a2200301I 4500001002300000003000700023005001700030007000700047008004100054010001700095040002800112035001900140050001600159082001100175100002400186245012200210260003600332300002700368650001900395856009600414856010100510029001700611029002200628029002100650029002200671952009900693999001700792burgercookbook2000churCaSfIA20230525154806.0cr||||750617s1961 ilu 000 0 eng c a 61010120  aIWUcIWUdOCLCQdCaSfIA a(OCoLC)13967830 aTX749b.C53 a641.661 aChurch, Ruth Ellen.14aThe burger cook book; 200 recipes for the all-American favorite and other ground meat dishes.h[electronic resource]  aChicago,bRand, McNallyc[1961] a160 p.billus.c22 cm. 0aCooking (Meat)41uhttp://www.archive.org/details/burgercookbook2000churzFree eBook from the Internet Archive42uhttp://www.openlibrary.org/books/OL24399231MzAdditional information and access via Open Library1 aNZ1b72322481 aAU@b0000061776941 aUNITYb1115940301 aUKSUSbvr00214388 001040708Project GutenbergaCSPCbCSPCd2023-05-25l0r2023-05-25 00:00:00w2023-05-25yEBK c18364d18364